Mikrobiálna kontaminácia zeleniny

Bibliographic Details
Main Author: Šepitková, Judita, 1937- (Author)
Format: Article
Language:Slovak
ISSN:0139-9470
Subjects:

MARC

LEADER 00000nab a2200000 a 4500
001 vtls000476046
003 SK-MaSNL
005 20260303221732.0
008 120927c1993 xo 0 slo
015 |a SNBRB19rr/mm-uuuuu 
035 |a CL0476180 
040 |a SNKBUCL  |b slo  |c SNKBUCL  |e AACR2 
041 0 |a slo 
044 |a xo  |c SK 
080 |a 635.1/.8:632  |2 1981 
080 |a 632  |2 1981 
100 1 |a Šepitková, Judita,  |d 1937-  |4 aut  |9 239955 
245 1 0 |a Mikrobiálna kontaminácia zeleniny  |c Judita Šepitková 
650 0 7 |a zelenina  |2 snkbucl  |9 2731 
655 7 |a články z novín a časopisov  |2 snkbucl  |9 267496 
773 0 |t Záhradníctvo  |g Roč. 18, č. 2 (1993), s. 65-67  |x 0139-9470 
850 |a Slovenská národná knižnica v Martine  |a MTA001 
852 |a SNK  |b KIS3GCP 
958 |a RK 
992 |a RBX 
999 |c 2235913  |d 2237843